[Event "Israeli Open Championship 2019"]
[Site "Jerusalem"]
[Date "2019.12.19"]
[Round "7.2"]
[White "Rechlis, Gad"]
[Black "Mikhalevski, Victor"]
[Result "1-0"]
[WhiteElo "2490"]
[BlackElo "2559"]
[Annotator "TA"]
[PlyCount "143"]
[EventDate "2019.12.12"]
[EventType "swiss"]
[EventCountry "ISR"]
[SourceTitle "playchess.com"]
[Source "ChessBase"]
[SourceQuality "1"]

{[%evp 9,143,25,35,0,0,6,0,0,-3,8,26,18,31,33,23,13,24,0,0,0,0,0,0,0,0,0,0,0,0,0,0,0,0,0,0,0,0,0,0,0,0,0,0,0,0,0,0,-7,-14,-5,-8,-11,-8,-8,-8,-8,-7,-8,-5,-8,-8,-8,-8,-8,-8,-14,-8,-8,0,0,0,0,0,0,0,0,0,0,0,0,0,0,0,0,0,0,8,0,8,8,8,38,527,525,495,503,479,452,445,400,460,460,510,509,5497,5471,29972,29974,29977,29978,29978,29979,29985,29986,29986,29987,29987,29988,29988,29987,29986,29980,29980,29981,29982,29983,29983,8,29984,29985,29985,29986,29986,29987,29991,29984]} 1. Nf3 d5 2. g3 Bg4 3. Ne5 Bf5 4. c4 c6 5. Qb3 Nd7 6. Nxd7 {A07: Réti Opening: New York and Capablanca Systems} Qxd7 7. cxd5 Be4 ({Reject} 7... Qxd5 $6 8. Qxb7 Rd8 9. Rg1 $16) 8. f3 {The position is equal.} Bxd5 9. Qc3 (9. Qc2 e5 10. Bg2 f5 11. O-O Nf6 {0-1 (23) Oltean,D (2333)-Kuzubov,Y (2636) Mamaia 2019}) 9... Nf6 10. e4 $146 ({Predecessor:} 10. Bg2 g6 11. O-O Bg7 {0-1 (47) Serafimov,T (2421)-Benitah,Y (2385) Metz 2010}) 10... Be6 11. d4 g6 12. Na3 {[#] aiming for d5!} Bh3 13. d5 Rc8 14. dxc6 Rxc6 15. Bb5 Rxc3 16. bxc3 {Kf2 is the strong threat.} Bg2 17. Rf1 Bxf1 18. Kxf1 Kd8 19. Bxd7 Nxd7 20. Be3 e6 21. Nc4 Bc5 22. Bd4 Rf8 23. a4 Kc7 24. Ke2 b6 25. g4 Rc8 26. e5 Kd8 {Strongly threatening ...Bxd4.} 27. Kd3 Be7 28. a5 {[%cal Ra5b6]} b5 29. Nd2 Nc5+ 30. Ke3 a6 31. f4 Kd7 32. h4 Rh8 33. Rb1 h5 34. gxh5 Rxh5 35. c4 bxc4 36. Nxc4 Rxh4 {White should prevent ...g5.} 37. Rb6 Rh3+ (37... g5 $5 38. Nd6 $8 Rh3+ 39. Ke2 Nb3 40. Rb7+ Kc6 $11) 38. Ke2 Rh2+ 39. Kf3 Ra2 {Hoping for ...Ra4.} 40. Bxc5 Bxc5 41. Rxa6 $11 {[%mdl 4096] Endgame KRB-KRN} Ra4 42. Nd6 f5 43. Nb7 Ra3+ 44. Ke2 Bb4 45. Rb6 Be7 46. a6 Ra4 47. Kd3 Bf8 48. Kc3 Ra1 49. Nd6 Kc7 50. Nc4 Rc1+ $2 {[%mdl 8192]} (50... Kd7 $14) 51. Kd3 $18 Bc5 52. Rxe6 Rd1+ 53. Kc3 Rc1+ {[#]} 54. Kb3 $1 Rb1+ 55. Kc2 Rf1 56. Na5 {Black must now prevent Rc6+.} Be3 (56... Kb8 $142 57. Nc6+ Kc7 58. Rxg6 Rxf4) 57. Re7+ Kc8 58. Kd3 Bg1 59. a7 Bxa7 60. Rxa7 {KRN-KR} Rf3+ 61. Kd4 Rxf4+ 62. Kd5 Rf1 63. e6 Rd1+ 64. Ke5 Re1+ 65. Kf6 f4 66. Nc4 f3 67. Nd6+ Kb8 68. Rb7+ Ka8 {Threatens to win with ...f2.} 69. Rb2 {White mates.} Re2 70. Rb1 g5 71. e7 g4 72. Nf5 {Accuracy: White = 84%, Black = 58%.} 1-0

[Event "Israeli Open Championship 2019"]
[Site "Jerusalem"]
[Date "2019.12.19"]
[Round "7.3"]
[White "Baron, Tal"]
[Black "Postny, Evgeny"]
[Result "1/2-1/2"]
[WhiteElo "2541"]
[BlackElo "2605"]
[Annotator "TA"]
[PlyCount "95"]
[EventDate "2019.12.12"]
[EventType "swiss"]
[EventCountry "ISR"]
[SourceTitle "playchess.com"]
[Source "ChessBase"]
[SourceQuality "1"]

{[%evp 20,95,33,25,34,31,35,38,32,20,39,22,25,10,47,33,60,84,83,54,47,30,18,16,35,28,18,28,15,25,60,34,31,34,35,54,40,38,44,13,19,0,66,15,23,16,96,97,162,0,0,0,0,0,139,134,134,118,145,0,0,0,0,0,0,0,0,0,0,0,0,0,0,0,0,0,0,0]} 1. e4 e5 2. Nf3 Nc6 3. Bb5 a6 4. Ba4 Nf6 5. O-O Be7 6. Re1 b5 7. Bb3 d6 8. c3 O-O 9. h3 Nd7 10. d4 Bb7 11. Nbd2 {[%cal Bb1d2,Bd2f1,Bf1g3][%mdl 32]} exd4 {C92: Closed Ruy Lopez: 9...Be6, Karpov and Flohr-Zaitsev Variations} 12. cxd4 Bf6 13. Nf1 Na5 {White is slightly better.} 14. Bc2 Re8 $1 15. Ng3 g6 $1 16. Bh6 c5 17. e5 $1 {[%cal Re5f6]} dxe5 {[%cal Rc5d4]} 18. dxc5 $1 Qc7 $146 ({Predecessor:} 18... Nc4 19. Ne4 Bxe4 20. Bxe4 Nxc5 21. Bxa8 Qxa8 {1-0 (39) Sasikiran,K (2661)-Bracker,F (2435) Stockholm 2016}) 19. Rc1 Rad8 20. Qe2 Bg7 21. Bxg7 Kxg7 22. b4 Bxf3 23. Qxf3 Nc6 $1 24. Ne4 Nd4 25. Qg3 Nf6 26. Nd6 Rxd6 27. cxd6 Qxd6 28. a3 Nh5 29. Qe3 Nf4 30. Bb3 Re7 (30... Qe7 $11) 31. Rc5 (31. g3 $1 $14 Nxb3 32. Qxb3) 31... Qf6 $11 32. Bc2 Qg5 (32... e4 $11) 33. Be4 $16 Nde6 {[#]} (33... Qf6 $16 {was necessary.}) 34. Rc8 $2 (34. h4 $1 $18 {[%cal Rh4g5]} Qxh4 35. Rxe5) 34... f5 $1 $11 {[%cal Rf5e4]} 35. h4 {[%mdl 64] Decoy} Qxh4 36. g3 Qg5 (36... Nh3+ $11 37. Kh2 Nxf2+ 38. gxh4 Ng4+ {[%mdl 64] Double Attack} 39. Kg2 Nxe3+ 40. Rxe3 fxe4) 37. Bg2 $1 $16 Nxg2 38. Kxg2 Qf6 {[#]} 39. Qxe5 (39. Qc3 $1 $16) 39... Nf4+ $1 $11 {The position is equal.} 40. gxf4 Rxe5 41. Rc7+ Kf8 42. fxe5 {[%mdl 4096] Endgame KQ-KRR} Qg5+ 43. Kf1 {Hoping for e6.} Qh5 44. e6 {e7+ would kill now.} Qh1+ 45. Ke2 Qe4+ 46. Kf1 Qh1+ 47. Ke2 Qe4+ 48. Kf1 {Accuracy: White = 53%, Black = 68%.} 1/2-1/2

[Event "Israeli Open Championship 2019"]
[Site "Jerusalem"]
[Date "2019.12.19"]
[Round "7.4"]
[White "Iliaguev, Nisim"]
[Black "Gorodetzky, David"]
[Result "1/2-1/2"]
[WhiteElo "2275"]
[BlackElo "2483"]
[Annotator "TA"]
[PlyCount "110"]
[EventDate "2019.12.12"]
[EventType "swiss"]
[EventCountry "ISR"]
[SourceTitle "playchess.com"]
[Source "ChessBase"]
[SourceQuality "1"]

{[%evp 14,110,17,0,0,2,9,5,5,5,6,-3,-5,2,17,12,17,25,20,0,11,17,18,23,43,27,16,4,6,0,27,21,20,25,25,24,33,20,21,11,17,0,3,6,6,0,0,0,0,0,0,0,0,0,0,0,0,-42,-6,-20,0,0,0,0,0,0,0,0,0,0,0,0,0,0,0,0,0,0,0,0,0,0,0,0,0,0,0,0,0,0,0,0,0,0,0,0,0,0,0]} 1. c4 e6 2. g3 d5 3. Bg2 Nf6 4. Nf3 d4 5. O-O c5 6. e3 Nc6 7. exd4 cxd4 8. d3 Bd6 {A13: English Opening: 1...e6} 9. Na3 e5 (9... O-O 10. Nc2 e5 11. b4 a6 12. c5 Bc7 13. a4 e4 14. dxe4 d3 15. Nce1 Nxb4 16. Ba3 {½-½ (35) Anton Guijarro,D (2678)-Wang,H (2725) Changsha 2019}) 10. Re1 {Black should prevent Nxe5!} O-O {[#]} 11. c5 $1 {[%mdl 512]} Bxc5 12. Nxe5 Nxe5 13. Rxe5 Bd6 $146 ({Predecessor:} 13... Bxa3 14. bxa3 Be6 {½-½ (61) Lorparizangeneh,S (2340)-Antal,T (2292) Gyor 2014}) 14. Re1 Bb4 15. Bd2 Bg4 16. Qc1 Rc8 17. Nc4 Bxd2 18. Qxd2 Rc7 19. Qf4 Be6 20. b3 h6 21. Rac1 b5 22. Ne5 {Strongly threatening Nc6.} Rxc1 23. Rxc1 Qa5 24. Qxd4 Qxa2 25. b4 Qd2 26. Ra1 Rc8 27. h3 Qc3 28. Qxc3 Rxc3 29. Rxa7 Rb3 30. Nc6 Rxd3 31. Ra8+ Kh7 32. Rd8 Rb3 33. g4 g5 34. Rb8 Bc4 35. Kh2 h5 36. Rb6 {The position is equal.} Nd5 ({Inferior is} 36... hxg4 37. Na5 $16) 37. Bxd5 Bxd5 $11 {[%mdl 4096] Endgame KRB-KRN} 38. Ne7 Bc4 39. gxh5 Rxb4 40. Nc6 Rb2 41. Kg3 Rb3+ 42. Kg4 Be6+ 43. Kxg5 {Black must now prevent Nd4.} Rf3 44. Rb7 {Hoping for Nd4.} Bd5 45. Rb6 $1 Be6 46. Rb7 {Threatens to win with Nd4.} Rf5+ (46... Bd5 $5 47. Rb6 $8 Be6 $11) 47. Kh4 Kh6 {[#] ( -> ...Rf3)} 48. Nd8 Rxh5+ 49. Kg3 Rxh3+ 50. Kg2 Rh5 {aiming for ...Bd5+.} 51. Nxe6 fxe6 52. Rb6 Kg6 53. Rxe6+ Kf5 54. Rb6 Ke4 55. Kg3 Rg5+ {Accuracy: White = 73%, Black = 70%.} 1/2-1/2

[Event "Israeli Open Championship 2019"]
[Site "Jerusalem"]
[Date "2019.12.19"]
[Round "7.5"]
[White "Tsyn, Igor"]
[Black "Gorodetzky, Matan"]
[Result "1-0"]
[WhiteElo "2154"]
[BlackElo "2284"]
[Annotator "NA"]
[PlyCount "77"]
[EventDate "2019.12.12"]
[EventType "swiss"]
[EventCountry "ISR"]
[SourceTitle "playchess.com"]
[Source "ChessBase"]
[SourceQuality "1"]
[TimeControl "5400+30"]

{[%evp 11,64,17,26,30,15,18,30,27,30,32767,32767,32767,17,5,12,32767,13,16,32767,32767,32767,32767,50,40,65,68,67,32767,32767,32767,118,35,44,35,32767,32767,32767,0,0,32767,0,0,0,0,32767,0,32767,32767,0,0,0,0,0,0,0]} 1. e4 {[%emt 0:00:00]} e6 {[%emt 0:00:00]} 2. d4 {[%emt 0:00:00]} d5 {[%emt 0:00:00]} 3. Nd2 {[%emt 0:00:00]} a6 {[%emt 0:00:14]} 4. Ngf3 {[%emt 0:01:58]} c5 {[%emt 0:00:15]} 5. exd5 {[%emt 0:02:37]} exd5 {[%emt 0:01:14]} 6. dxc5 {[%emt 0:03:53]} Bxc5 {[%emt 0:00:18]} 7. Bd3 {[%emt 0:00:06]} Qe7+ {[%emt 0:02:34]} 8. Qe2 {[%emt 0:00:47]} Nc6 {[%emt 0:02:39]} 9. Nb3 {[%emt 0:02:03]} Bb6 {[%emt 0:00:34]} 10. c3 {[%emt 0:01:20]} Bg4 {[%emt 0:01:29] C08: French Tarrasch: 3...c5 4 exd5 exd5 sidelines} 11. Qxe7+ {[%emt 0:13:27]} Ngxe7 {[%emt 0:00:46]} 12. Nbd4 {[%emt 0:00:11]} O-O $146 {[%emt 0:08:37]} ({Predecessor:} 12... Nxd4 13. Nxd4 Bxd4 14. cxd4 Rc8 15. Bd2 Kd7 16. Bc3 h5 17. h4 Bf5 18. Be2 {½-½ (49) Velicka,P (2420)-Stocek,J (2567) Czech Republic 2018}) 13. Be3 {[%emt 0:22:45]} Bxf3 {[%emt 0:09:43]} 14. Nxf3 {[%emt 0:01:15]} Bxe3 {[%emt 0:00:44]} 15. fxe3 {[%emt 0:00:02]} Rfe8 {[%emt 0:02:13]} 16. O-O-O {[%emt 0:01:27]} Nc8 {[%emt 0:02:49]} 17. Rhe1 {[%emt 0:10:07]} Nd6 {[%emt 0:24:46]} 18. Bc2 {[%emt 0:01:28]} Nc4 {[%emt 0:00:32]} 19. e4 {[%emt 0:19:06]} dxe4 {[%emt 0:03:33]} 20. Bxe4 {[%emt 0:00:02]} Kf8 {[%emt 0:00:56] [#]} 21. Bxc6 {[%emt 0:03:41]} ({Inferior is} 21. Bxh7 g6 $17) (21. Ng5 $1 $16) 21... bxc6 {[%emt 0:01:35]} 22. Rd4 {[%emt 0:01:30]} Rxe1+ {[%emt 0:09:01]} 23. Nxe1 {[%emt 0:00:01]} Ne3 {[%emt 0:00:39]} 24. Kd2 {[%emt 0:05:58]} Re8 {[%emt 0:01:02]} 25. Ra4 {[%emt 0:03:49]} c5 {[%emt 0:06:48]} 26. b3 {[%emt 0:00:21]} Nf1+ {[%emt 0:08:54]} 27. Kd1 {[%emt 0:00:01]} Ne3+ {[%emt 0:01:27]} 28. Kd2 {[%emt 0:00:31]} Nf1+ {[%emt 0:00:14]} 29. Kd1 {[%emt 0:00:07]} Nxh2 {[%emt 0:04:47]} 30. Rh4 {[%emt 0:01:40]} Nf1 {[%emt 0:00:04]} 31. Rxh7 {[%emt 0:00:05]} Ne3+ {[%emt 0:01:15]} 32. Kd2 {[%emt 0:01:50]} Nf1+ $11 {[%emt 0:00:06]} 33. Kd1 {[%emt 0:00:02]} Kg8 {[%emt 0:00:53]} 34. Rh3 {[%emt 0:01:49]} f5 {[%emt 0:00:32]} 35. Rf3 {[%emt 0:00:35]} Nh2 {[%emt 0:03:53]} 36. Rxf5 {[%emt 0:00:19]} Ng4 {[%emt 0:00:12]} 37. Rf3 {[%emt 0:01:47]} c4 {[%emt 0:00:25]} 38. Rf4 {[%emt 0:01:19]} cxb3 {[%emt 0:01:28]} 39. Rxg4 {[%emt 0:00:25]} 1-0

[Event "Israeli Open Championship 2019"]
[Site "Jerusalem"]
[Date "2019.12.19"]
[Round "7.6"]
[White "Kunin, Michael"]
[Black "Cohen Revivo, Shoham"]
[Result "1-0"]
[WhiteElo "2102"]
[BlackElo "2261"]
[Annotator "ChessBase"]
[PlyCount "117"]
[EventDate "2019.12.12"]
[EventType "swiss"]
[EventCountry "ISR"]
[SourceTitle "playchess.com"]
[Source "ChessBase"]
[SourceQuality "1"]
[TimeControl "5400+30"]

1. e4 {[%emt 0:05:21]} c5 {[%emt 0:00:00]} 2. Nf3 {[%emt 0:00:27]} Nc6 {[%emt 0:00:00]} 3. Bb5 {[%emt 0:00:09]} g6 {[%emt 0:00:00]} 4. d3 {[%emt 0:00:56]} Bg7 {[%emt 0:00:18]} 5. O-O {[%emt 0:00:42]} e5 {[%emt 0:00:07]} 6. Nc3 {[%emt 0:00:25]} Nge7 {[%emt 0:00:08]} 7. Bc4 {[%emt 0:00:19]} O-O {[%emt 0:01:04]} 8. Ng5 {[%emt 0:01:00]} h6 {[%emt 0:02:42]} 9. Nxf7 {[%emt 0:00:13]} Rxf7 {[%emt 0:00:06]} 10. Bxf7+ {[%emt 0:00:05]} Kxf7 {[%emt 0:00:05]} 11. f4 {[%emt 0:00:06]} exf4 {[%emt 0:00:28]} 12. Bxf4 {[%emt 0:00:08]} Kg8 {[%emt 0:01:02]} 13. Bd6 {[%emt 0:01:14]} Ne5 {[%emt 0:20:00]} 14. Qe2 {[%emt 0:15:04]} N7c6 {[%emt 0:17:48]} 15. Nd5 {[%emt 0:02:55]} b6 {[%emt 0:00:37]} 16. Rf2 {[%emt 0:12:12]} Bb7 {[%emt 0:02:56]} 17. Raf1 {[%emt 0:26:33]} Qg5 {[%emt 0:00:26]} 18. Nc7 {[%emt 0:08:50]} Rc8 {[%emt 0:01:59]} 19. c3 {[%emt 0:01:59]} Rxc7 {[%emt 0:02:39]} 20. Bxc7 {[%emt 0:00:10]} Ba6 {[%emt 0:00:19]} 21. Rd1 {[%emt 0:04:25]} Qe7 {[%emt 0:02:16]} 22. Bxe5 {[%emt 0:01:17]} Nxe5 {[%emt 0:00:06]} 23. Qc2 {[%emt 0:00:46]} Qg5 {[%emt 0:04:22]} 24. Qa4 {[%emt 0:16:44]} Bxd3 {[%emt 0:00:57]} 25. Rxd3 {[%emt 0:00:00]} Qc1+ {[%emt 0:01:25]} 26. Rd1 {[%emt 0:00:00]} Qe3 {[%emt 0:00:38]} 27. Qc2 {[%emt 0:00:00]} Kh7 {[%emt 0:00:06]} 28. Qe2 {[%emt 0:00:00]} Qg5 {[%emt 0:00:06]} 29. Rd5 {[%emt 0:00:00]} d6 {[%emt 0:00:39]} 30. Rxe5 {[%emt 0:00:00]} Qxe5 {[%emt 0:00:53]} 31. Rf7 {[%emt 0:00:00]} d5 {[%emt 0:01:07]} 32. Rxa7 {[%emt 0:00:00]} dxe4 {[%emt 0:00:30]} 33. Qe3 {[%emt 0:00:00]} Qd5 {[%emt 0:00:40]} 34. g3 {[%emt 0:01:15]} Qd1+ {[%emt 0:01:05]} 35. Kg2 {[%emt 0:01:01]} Qc2+ {[%emt 0:00:06]} 36. Qf2 {[%emt 0:00:30]} Qd3 {[%emt 0:00:20]} 37. Re7 {[%emt 0:00:25]} h5 {[%emt 0:00:17]} 38. a4 {[%emt 0:01:15]} Qd5 {[%emt 0:04:35]} 39. Qe3 {[%emt 0:00:27]} Qb3 {[%emt 0:00:09]} 40. Qe2 {[%emt 0:00:29]} e3 {[%emt 0:01:25]} 41. Rxe3 {[%emt 0:00:42]} Qxa4 {[%emt 0:00:09]} 42. Re7 {[%emt 0:00:20]} Qc6+ {[%emt 0:00:29]} 43. Qe4 {[%emt 0:00:19]} Qd6 {[%emt 0:00:04]} 44. Re6 {[%emt 0:00:21]} Qd2+ {[%emt 0:00:06]} 45. Kh3 {[%emt 0:00:16]} Qg5 {[%emt 0:00:24]} 46. Rxb6 {[%emt 0:00:31]} Bf6 {[%emt 0:00:24]} 47. Qf4 {[%emt 0:00:35]} Qxf4 {[%emt 0:00:58]} 48. gxf4 {[%emt 0:00:02]} Kg7 {[%emt 0:00:06]} 49. Rb7+ {[%emt 0:00:16]} Kf8 {[%emt 0:00:01]} 50. b4 {[%emt 0:00:23]} c4 {[%emt 0:01:06]} 51. Rc7 {[%emt 0:00:10]} Bxc3 {[%emt 0:00:07]} 52. Rxc4 {[%emt 0:00:06]} Bd2 {[%emt 0:00:15]} 53. Kg3 {[%emt 0:00:21]} Ke7 {[%emt 0:00:13]} 54. Re4+ {[%emt 0:00:12]} Kf6 {[%emt 0:00:12]} 55. b5 {[%emt 0:00:13]} Ba5 {[%emt 0:00:25]} 56. Ra4 {[%emt 0:00:19]} Bc7 {[%emt 0:00:05]} 57. b6 {[%emt 0:00:15]} Bd6 {[%emt 0:00:25]} 58. b7 {[%emt 0:00:22]} g5 {[%emt 0:00:05]} 59. Ra6 {[%emt 0:00:13]} 1-0

[Event "Israeli Open Championship 2019"]
[Site "Jerusalem"]
[Date "2019.12.19"]
[Round "7.7"]
[White "Uritsky, Yonathan"]
[Black "Tifferet, Shaked"]
[Result "0-1"]
[WhiteElo "1881"]
[BlackElo "2232"]
[Annotator "ChessBase"]
[PlyCount "86"]
[EventDate "2019.12.12"]
[EventType "swiss"]
[EventCountry "ISR"]
[SourceTitle "playchess.com"]
[Source "ChessBase"]
[SourceQuality "1"]
[TimeControl "5400+30"]

1. c4 {[%emt 0:00:00]} g6 {[%emt 0:00:00]} 2. g3 {[%emt 0:00:08]} Bg7 {[%emt 0:00:00]} 3. Bg2 {[%emt 0:00:38]} e5 {[%emt 0:00:07]} 4. Nc3 {[%emt 0:00:34]} d6 {[%emt 0:00:05]} 5. Rb1 {[%emt 0:00:19]} f5 {[%emt 0:00:30]} 6. b4 {[%emt 0:00:46]} Nf6 {[%emt 0:00:10]} 7. d3 {[%emt 0:00:31]} O-O {[%emt 0:00:05]} 8. e3 {[%emt 0:00:37]} Kh8 {[%emt 0:01:25]} 9. Nge2 {[%emt 0:00:20]} a6 {[%emt 0:01:53]} 10. O-O {[%emt 0:00:42]} c6 {[%emt 0:00:19]} 11. Qc2 {[%emt 0:01:38]} Be6 {[%emt 0:03:34]} 12. Rd1 {[%emt 0:02:35]} Nbd7 {[%emt 0:05:42]} 13. a4 {[%emt 0:06:22]} d5 {[%emt 0:13:52]} 14. Na2 {[%emt 0:01:32]} b5 {[%emt 0:05:11]} 15. c5 {[%emt 0:07:27]} g5 {[%emt 0:09:18]} 16. f4 {[%emt 0:07:04]} Nh5 {[%emt 0:04:13]} 17. Rf1 {[%emt 0:05:58]} Qe8 {[%emt 0:02:37]} 18. fxg5 {[%emt 0:11:04]} Qe7 {[%emt 0:05:59]} 19. Nac3 {[%emt 0:04:28]} Rae8 {[%emt 0:02:02]} 20. Bf3 {[%emt 0:16:25]} Qf7 {[%emt 0:01:59]} 21. Qd1 {[%emt 0:04:02]} e4 {[%emt 0:01:25]} 22. Bg2 {[%emt 0:04:05]} Qg6 {[%emt 0:40:34]} 23. d4 {[%emt 0:05:18]} Qxg5 {[%emt 0:00:00]} 24. Nf4 {[%emt 0:00:09]} Bf7 {[%emt 0:00:00]} 25. Ra1 {[%emt 0:00:41]} Ndf6 {[%emt 0:00:00]} 26. axb5 {[%emt 0:01:13]} axb5 {[%emt 0:00:00]} 27. Ra6 {[%emt 0:01:18]} Rc8 {[%emt 0:00:00]} 28. Nce2 {[%emt 0:03:47]} Ng4 {[%emt 0:00:00]} 29. Bd2 {[%emt 0:00:53]} Qh6 {[%emt 0:00:00]} 30. h3 {[%emt 0:02:16]} Ngf6 {[%emt 0:00:00]} 31. Kf2 {[%emt 0:00:32]} Rg8 {[%emt 0:00:00]} 32. Rg1 {[%emt 0:00:42]} Qg5 {[%emt 0:00:00]} 33. Bf1 {[%emt 0:01:48]} Bh6 {[%emt 0:00:00]} 34. Ra7 {[%emt 0:00:43]} Rg7 {[%emt 0:00:00]} 35. Qa1 {[%emt 0:01:39]} Rcg8 {[%emt 0:00:00]} 36. Be1 {[%emt 0:01:42]} Nxf4 {[%emt 0:00:00]} 37. Nxf4 {[%emt 0:00:01]} Nh5 {[%emt 0:00:00]} 38. h4 {[%emt 0:01:46]} Qf6 {[%emt 0:00:00]} 39. Nxh5 {[%emt 0:01:14]} Bxh5 {[%emt 0:00:00]} 40. Rxg7 {[%emt 0:00:05]} Qxg7 {[%emt 0:00:00]} 41. Qb2 {[%emt 0:03:35]} f4 {[%emt 0:00:00]} 42. exf4 {[%emt 0:00:19]} Bxf4 {[%emt 0:00:00]} 43. g4 {[%emt 0:00:21]} Qf6 {[%emt 0:00:00]} 0-1

[Event "Israeli Open Championship 2019"]
[Site "Jerusalem"]
[Date "2019.12.19"]
[Round "7.8"]
[White "Flom, Gabriel"]
[Black "Golberg, Igor"]
[Result "1-0"]
[WhiteElo "2506"]
[BlackElo "2156"]
[Annotator "TA"]
[PlyCount "67"]
[EventDate "2019.12.12"]
[EventType "swiss"]
[EventCountry "ISR"]
[SourceTitle "playchess.com"]
[Source "ChessBase"]
[SourceQuality "1"]

{[%evp 12,67,5,-2,46,12,42,38,77,20,35,3,26,0,-29,-28,-20,-38,-42,-32,-58,-51,-32,-49,0,-6,-14,-131,-120,-173,-59,-76,-94,-95,-96,-120,-118,-137,-127,-125,-115,-159,0,0,0,-16,-18,-9,2369,2298,29994,29995,29995,29996,29996,29997,29998,29999]} 1. d4 Nf6 2. c4 e6 3. Nc3 Bb4 4. Bg5 c5 5. d5 h6 6. Bh4 d6 7. e3 b5 {E31: Nimzo-Indian: Leningrad Variation: 4...h6 5 Bh4 c5 6 d5 d6} (7... Bxc3+ 8. bxc3 Qe7 9. Nf3 Nbd7 10. Nd2 Nb6 11. dxe6 Qxe6 12. a4 Bd7 13. a5 Nc8 14. a6 bxa6 15. Rxa6 Rb8 16. Be2 O-O 17. O-O Rb6 18. Rxb6 Nxb6 {½-½ (57) Morozevich,A (2676)-Oparin,G (2616) Moscow 2016}) 8. cxb5 $146 ({Predecessor:} 8. Nf3 O-O 9. dxe6 fxe6 10. cxb5 Qa5 11. Be2 Bxc3+ 12. bxc3 Qxc3+ 13. Nd2 Nbd7 14. O-O d5 15. Rc1 {1-0 (81) Dambacher,M (2468)-Schoppen,C (2437) Netherlands 2017}) 8... g5 {aiming for ...Nxd5.} 9. Bg3 Nxd5 {White is slightly better.} 10. Qd2 ({Better is} 10. Nge2 $16) 10... Ba5 11. h4 Qf6 {[%cal Rd5c3]} 12. Rc1 (12. Nge2 $142) 12... Nxc3 $11 13. bxc3 d5 14. Nf3 Nd7 $1 15. Be2 Bb7 16. O-O e5 17. h5 d4 18. exd4 cxd4 19. Bd3 (19. Nxe5 $11 {remains equal.} Nxe5 20. Qxd4) 19... O-O ({Much less strong is} 19... dxc3 20. Qe3 $15) 20. Qc2 (20. Nh2 $17 Qe6 21. Qe2 Bxc3 22. Ng4) 20... Bxc3 (20... dxc3 $6 21. Bh7+ Kg7 22. Rfd1 $15) (20... Bxf3 $19 21. gxf3 Bxc3) 21. Nh2 $1 $15 Qe6 22. Bf5 {[#]} Qd5 $1 {[%csl Gb7,LRb5,LRg2][%cal Rd5g2][%mdl 64] Double Attack} 23. f3 {And now Ng4 would win.} Nf6 24. Be1 Bxe1 25. Rfxe1 Rad8 {...d3 is the strong threat.} 26. Qd3 Bc8 $2 (26... Qd6 $17 27. Ng4 Nxh5) 27. Rc6 $11 Kg7 $1 ({Don't play} 27... Nxh5 $6 28. Ng4 $16) 28. Rec1 {[%cal Rf5c8]} Bxf5 29. Qxf5 Nxh5 $2 {[%mdl 8192] [#]} (29... Rd6 $11 30. R1c5 Qe6 31. Qxe6 Rxe6) 30. Rxh6 $1 $18 {[%mdl 512]} Kxh6 31. Ng4+ {[%mdl 64] Double Attack. White mates.} Kg7 32. Qxg5+ {[%mdl 64] Double Attack} Kh8 33. Qxh5+ Kg7 34. Qh6+ {Accuracy: White = 28%, Black = 36%.} 1-0

[Event "Israeli Open Championship 2019"]
[Site "Jerusalem"]
[Date "2019.12.19"]
[Round "7.9"]
[White "Soffer, Ram"]
[Black "Tsirilman, Guy"]
[Result "1-0"]
[WhiteElo "2490"]
[BlackElo "1975"]
[Annotator "TA"]
[PlyCount "49"]
[EventDate "2019.12.12"]
[EventType "swiss"]
[EventCountry "ISR"]
[SourceTitle "playchess.com"]
[Source "ChessBase"]
[SourceQuality "1"]

{[%evp 9,49,25,33,26,72,67,87,70,78,81,77,69,66,56,95,88,95,95,90,86,81,22,24,36,26,18,70,76,81,92,110,116,125,127,292,285,314,315,645,639,690,664]} 1. e4 c5 2. Nf3 d6 3. Bb5+ Nc6 4. O-O Bd7 5. Re1 a6 (5... Nf6 6. c3 a6 7. Bc4 Bg4 8. h3 Bxf3 9. Qxf3 Ne5 10. Qe2 Nxc4 11. Qxc4 e6 12. a4 Be7 13. Qb3 Qc7 14. Na3 {½-½ (36) Kovalenko,I (2654)-Vitiugov,N (2727) Riga 2019}) 6. Bxc6 {B51: Sicilian: Moscow Variation (3 Bb5+) without 3...Bd7} bxc6 7. e5 d5 8. h3 $146 {White is better.} ({Predecessor:} 8. b3 e6 9. c4 d4 10. d3 f5 11. exf6 Nxf6 12. Bg5 Bd6 13. Nbd2 {1-0 (61) Narciso Dublan,M (2504)-Martorell Aguado,J (2219) Barcelona 2016}) 8... e6 9. b3 Ne7 10. Ba3 Qa5 11. d3 Ng6 12. Qd2 Qxd2 13. Nfxd2 Be7 14. Nc3 f6 15. exf6 ({White should try} 15. Nf3 $16) 15... Bxf6 $11 16. Bb2 Ke7 17. Rad1 Rae8 (17... Rhf8 $11) 18. Ndb1 $14 Rhf8 19. Ba3 Bd4 20. Rd2 Rf5 21. Na4 {[%cal Bc3a4,Ba4c5,Bc5d7,Bd7f8][%mdl 32]} Ref8 $2 {[#]} (21... Kf7 $16 {might work better.}) 22. Nxc5 $18 Kd8 {[%cal Rf5f2]} 23. Nxd7 ({Worse is} 23. Nxe6+ Bxe6 24. Bxf8 Nxf8 $11) 23... Rxf2 $2 (23... Kxd7 24. Bxf8 Nxf8) 24. Nxf8 Rxd2+ 25. Kh2 {Played: Kg1-h1} 1-0